[Event "Tournoi Skype 017A"]
[Site "Skype"]
[Date "????.??.??"]
[Round "5.17"]
[White "Aceituno, Stebe"]
[Black "Rochette, Mathieu"]
[Result "1-0"]
[WhiteElo "1574"]
[BlackElo "1604"]
[PlyCount "77"]

1. e4 c5 2. Nf3 d6 3. d4 cxd4 4. Nxd4 Nf6 5. Nc3 Bd7 6. f3 e6 7. Be3 Be7 8. Bc4
O-O 9. g4 Nc6 10. Qd2 Ne5 11. Be2 d5 12. O-O-O dxe4 13. fxe4 Nfxg4 14. Bxg4
Nxg4 15. Rhg1 Nxe3 16. Qxe3 Qb6 17. Qg3 Bf6 18. e5 Bxe5 19. Qxe5 g6 20. Ne4
Rfd8 21. Nf6+ Kf8 22. Nxd7+ Rxd7 23. Nf3 Rad8 24. Rxd7 Rxd7 25. Rf1 Qa6 26. Rd1
Rxd1+ 27. Kxd1 Qxa2 28. Qb8+ Kg7 29. Qxb7 Qb1+ 30. Kd2 Qh1 31. Qe4 Qg2+ 32. Ke3
Qf1 33. Nd2 Qg1+ 34. Kd3 Qxh2 35. Qd4+ e5 36. Qe3 f5 37. Qxa7+ Kf6 38. Qb6+ Kg5
39. Nf3+ 1-0

[Event "Tournoi Skype 017A"]
[Site "Skype"]
[Date "????.??.??"]
[Round "5.18"]
[White "Perez Fermin, Jose"]
[Black "Fouquereau, Andre"]
[Result "0-1"]
[WhiteElo "1599"]
[BlackElo "1452"]
[PlyCount "81"]

1. e4 e5 2. Nf3 d6 3. Bc4 Be7 4. Nc3 c6 5. h3 Nf6 6. d4 Nbd7 7. O-O O-O 8. Ne1
exd4 9. Qxd4 c5 10. Qd1 Ne5 11. Be2 Be6 12. f4 Nc6 13. f5 Bd7 14. Nf3 Ne5 15.
Bf4 Qb6 16. Rb1 Bc6 17. Nxe5 dxe5 18. Bxe5 Rad8 19. Qe1 Nxe4 20. Nxe4 Bxe4 21.
Qg3 Bf6 22. Bc7 Qc6 23. Bxd8 Rxd8 24. Bf3 Bd4+ 25. Kh1 Bxf3 26. Rxf3 Qf6 27. c3
Be5 28. Qf2 b6 29. Re1 h6 30. Rfe3 Bd6 31. Re8+ Rxe8 32. Rxe8+ Kh7 33. Re2 Be5
34. Qf3 Qd6 35. Qf1 Qd3 36. g4 Qd5+ 37. Qg2 Qd1+ 38. Qg1 Qxe2 39. Qg2 Qd1+ 40.
Qg1 Qc2 41. Qg2 0-1

[Event "Tournoi Skype 017A"]
[Site "Skype"]
[Date "????.??.??"]
[Round "5.19"]
[White "Yeter, Orhan"]
[Black "Malbec, Robert"]
[Result "1-0"]
[WhiteElo "1585"]
[BlackElo "1500"]
[PlyCount "77"]

1. e4 e5 2. Nf3 Nc6 3. Bb5 a6 4. Ba4 Nf6 5. O-O b5 6. Bb3 Bc5 7. d3 d6 8. h3 a5
9. c3 a4 10. Bc2 O-O 11. Bg5 h6 12. Bh4 Qe7 13. Re1 Ba7 14. d4 Bd7 15. Nbd2 Nd8
16. Nf1 g5 17. Bg3 Ne6 18. dxe5 dxe5 19. Bxe5 Qd8 20. Bxf6 Qxf6 21. Qxd7 Rad8
22. Qxb5 Qg7 23. Qxa4 g4 24. hxg4 Qxg4 25. Qxa7 Nf4 26. Ng3 h5 27. Qc5 f6 28.
Qf5 Rf7 29. Qxg4+ hxg4 30. Nh4 Rh7 31. Bb3+ Kg7 32. Ngf5+ Kf8 33. Rad1 Rb8 34.
e5 fxe5 35. Rxe5 Re8 36. Rxe8+ Kxe8 37. Ba4+ Kf8 38. Rd8+ Kf7 39. Rd7+ 1-0

[Event "Tournoi Skype 017A"]
[Site "Skype"]
[Date "????.??.??"]
[Round "6.1"]
[White "Hervais, Adrien"]
[Black "Hilton, Stephen"]
[Result "1-0"]
[WhiteElo "1995"]
[BlackElo "1909"]
[PlyCount "29"]

1. d4 Nf6 2. Nc3 d5 3. Bg5 Nbd7 4. f3 c6 5. e4 dxe4 6. fxe4 h6 7. Bh4 Qa5 8. e5
Ne4 9. Qf3 Nxc3 10. bxc3 e6 11. Bc4 Nb6 12. Bb3 c5 13. Ne2 c4 14. O-O cxb3 15.
Qxf7# 1-0

[Event "Tournoi Skype 017A"]
[Site "Skype"]
[Date "????.??.??"]
[Round "6.2"]
[White "Deville, Olivier"]
[Black "Lambert, Pierre"]
[Result "1/2-1/2"]
[WhiteElo "1890"]
[BlackElo "1857"]
[PlyCount "135"]

1. c4 Nf6 2. Nf3 e6 3. g3 d5 4. d4 c6 5. Qc2 Bb4+ 6. Nbd2 O-O 7. Bg2 Re8 8. O-O
Nbd7 9. e4 dxe4 10. Nxe4 Nxe4 11. Qxe4 Nf6 12. Qc2 Bd6 13. Ne5 c5 14. Rd1 Qc7
15. Nd3 a6 16. Nxc5 Bxc5 17. dxc5 Qxc5 18. Be3 Qc7 19. Bg5 Bd7 20. Bxf6 gxf6
21. Qd2 Bc6 22. Qh6 Bxg2 23. Kxg2 Qc6+ 24. Kg1 e5 25. Rd2 Rad8 26. Rad1 Rxd2
27. Rxd2 Qxc4 28. Rd6 Qxa2 29. Qxf6 Qb1+ 30. Kg2 Qg6 31. Qxg6+ hxg6 32. Rd7 b5
33. Ra7 Re6 34. Kf3 Kg7 35. Ke4 Kf6 36. Kd5 e4 37. Kc5 Re5+ 38. Kd4 Re6 39. Kc5
Kg7 40. Kd4 Rf6 41. Ke3 Rf3+ 42. Ke2 Rb3 43. Rxa6 Rxb2+ 44. Ke3 f5 45. Rb6 Kh6
46. g4 Rb3+ 47. Kf4 Rf3+ 48. Ke5 Rxf2 49. gxf5 Rxf5+ 50. Kxe4 Rh5 51. Kf4 Rh4+
52. Kg3 Rb4 53. Rb8 Rb3+ 54. Kg4 b4 55. Rb5 Rb1 56. Kg3 b3 57. h4 b2 58. Kg2
Kg7 59. Kh2 Kf7 60. Kg2 Ke7 61. Kh2 Kd7 62. Kg2 Kc6 63. Rb8 Kd5 64. Rd8+ Ke4
65. Re8+ Kf4 66. Rb8 Ke5 67. Re8+ Kd6 68. Rb8 1/2-1/2

[Event "Tournoi Skype 017A"]
[Site "Skype"]
[Date "????.??.??"]
[Round "6.3"]
[White "Loayza, Juan Antonio"]
[Black "Mulrooney, Justin"]
[Result "1-0"]
[WhiteElo "1875"]
[BlackElo "1728"]
[PlyCount "47"]

1. b3 e6 2. Bb2 Nf6 3. e3 d5 4. Nf3 Be7 5. d3 O-O 6. Nbd2 c5 7. Be2 Nc6 8. O-O
b5 9. c4 bxc4 10. bxc4 Rb8 11. Rb1 Bb7 12. Ne5 Qc7 13. Ndf3 Nd7 14. Nxd7 Qxd7
15. Qa4 Ba8 16. Bc3 Qc7 17. cxd5 exd5 18. Qg4 f6 19. Nh4 Ne5 20. Qg3 Bd6 21. f4
Nc6 22. Bg4 d4 23. Be6+ Kh8 24. Ng6+ 1-0

[Event "Tournoi Skype 017A"]
[Site "Skype"]
[Date "????.??.??"]
[Round "6.4"]
[White "Plourde, Alain"]
[Black "Janssen, Gerard"]
[Result "1-0"]
[WhiteElo "1862"]
[BlackElo "1721"]
[PlyCount "107"]

1. d4 d5 2. Nf3 e6 3. c4 c5 4. Nc3 Nf6 5. cxd5 Nxd5 6. e4 Nxc3 7. bxc3 cxd4 8.
cxd4 Be7 9. Be2 O-O 10. O-O Nd7 11. Be3 Nf6 12. Qc2 b6 13. Ne5 Bb7 14. f3 Rc8
15. Qa4 a5 16. Rac1 Rxc1 17. Rxc1 Bd6 18. Nc6 Bxc6 19. Qxc6 Bb4 20. Bb5 Bd2 21.
Bxd2 Qxd4+ 22. Kh1 Qxd2 23. Qc2 Qxc2 24. Rxc2 h5 25. h4 Rb8 26. a4 Kf8 27. Rc7
g6 28. Kg1 Ng8 29. Kf2 Ne7 30. Ke3 Nc8 31. Rd7 Ne7 32. Rd6 e5 33. Kd2 Ng8 34.
Ke3 Ke7 35. Rc6 Nf6 36. Rc7+ Kf8 37. Bc4 b5 38. Bxb5 Ne8 39. Bxe8 Kxe8 40. Ra7
Rb3+ 41. Kf2 Rb2+ 42. Kg3 Ra2 43. Rxa5 Ke7 44. Rxe5+ Kf6 45. Ra5 Ke6 46. Ra8 f5
47. a5 Ke5 48. a6 f4+ 49. Kh2 Kd6 50. a7 Kc7 51. Rg8 Rxa7 52. Rg7+ Kb8 53. Rxa7
Kxa7 54. g3 1-0

[Event "Tournoi Skype 017A"]
[Site "Skype"]
[Date "????.??.??"]
[Round "6.5"]
[White "Legueltel, Daniel"]
[Black "Rico Hernandez, Edgar"]
[Result "0-1"]
[WhiteElo "1737"]
[BlackElo "1844"]
[PlyCount "86"]

1. d4 d5 2. c4 e6 3. Nf3 Nf6 4. Bg5 Nbd7 5. e3 Be7 6. Nc3 O-O 7. Bd3 c6 8. O-O
dxc4 9. Bxc4 b5 10. Be2 Bb7 11. a3 a6 12. b4 Re8 13. Qc2 Rc8 14. Rfd1 Nd5 15.
Bxe7 Qxe7 16. Ne4 f5 17. Nc5 Nxc5 18. dxc5 Rcd8 19. Ne5 Qf6 20. Qb2 Rf8 21. Bf3
Rde8 22. Qd4 Re7 23. g3 Rfe8 24. Ra2 Qg5 25. Bg2 Qf6 26. Rad2 Qh6 27. f4 Qf6
28. e4 fxe4 29. Bxe4 Qh6 30. Bg2 Qf6 31. Re1 Qf5 32. Nf3 Bc8 33. Rde2 Qf6 34.
Re5 Bd7 35. Ng5 h6 36. Ne4 Qf8 37. Nd6 Rd8 38. Bh3 Qf6 39. Qe4 Nc7 40. Bf5 exf5
41. Rxe7 fxe4 42. R1xe4 Nd5 43. f5 Nxe7 0-1

[Event "Tournoi Skype 017A"]
[Site "Skype"]
[Date "????.??.??"]
[Round "6.6"]
[White "Duthoit, Bernard"]
[Black "Engstrom, Olle"]
[Result "0-1"]
[WhiteElo "1585"]
[BlackElo "1712"]
[PlyCount "88"]

1. e4 c5 2. Nf3 Nc6 3. c3 d5 4. e5 e6 5. d4 Bd7 6. Nbd2 cxd4 7. cxd4 f6 8. Nb3
Bb4+ 9. Bd2 Qe7 10. a3 Bxd2+ 11. Qxd2 fxe5 12. Nxe5 Nxe5 13. dxe5 Ba4 14. Nd4
Nh6 15. Bb5+ Bxb5 16. Nxb5 Nf7 17. f4 a6 18. Nd4 Rc8 19. Rc1 O-O 20. O-O Qd7
21. Rc2 Rxc2 22. Nxc2 Qb5 23. Nd4 Qb6 24. Rc1 Nh6 25. Qb4 Qxb4 26. axb4 Rxf4
27. Nxe6 Rc4 28. Rd1 Ng4 29. Rf1 Rc8 30. Nc5 Nxe5 31. Rf5 Re8 32. Nxb7 Nd3 33.
h3 Nxb4 34. Nc5 a5 35. Rf4 Re2 36. Nb3 Rxb2 37. Nxa5 Nc2 38. Nc6 Rb1+ 39. Kf2
Rb7 40. Rf5 Rc7 41. Re5 Rxc6 42. Rxd5 Kf7 43. Kf3 Ke6 44. Ke4 Rc4+ 0-1

[Event "Tournoi Skype 017A"]
[Site "Skype"]
[Date "????.??.??"]
[Round "6.7"]
[White "Barrasso, Alex"]
[Black "Casey, Eamonn"]
[Result "1/2-1/2"]
[WhiteElo "1846"]
[BlackElo "1699"]
[PlyCount "100"]

1. e4 e6 2. d4 d5 3. e5 c5 4. c3 Ne7 5. Nf3 Nbc6 6. Be2 cxd4 7. cxd4 Qb6 8. Nc3
Nf5 9. Na4 Bb4+ 10. Bd2 Bxd2+ 11. Qxd2 Qb4 12. Qxb4 Nxb4 13. Kd2 O-O 14. g4 Ne7
15. a3 Nbc6 16. Rac1 b6 17. b4 Bd7 18. Rc3 Nxd4 19. Nxd4 Bxa4 20. Rhc1 Ng6 21.
Nf3 a5 22. b5 Nf4 23. Bf1 h6 24. h4 d4 25. Rc4 Bxb5 26. Rxd4 Bxf1 27. Rxf1 Rfd8
28. Ke3 Rxd4 29. Kxd4 Rd8+ 30. Ke4 Nd5 31. Rc1 Rd7 32. Nd4 Rc7 33. Rc6 Rxc6 34.
Nxc6 a4 35. f4 Nc3+ 36. Kd3 Nb5 37. Kc4 Nxa3+ 38. Kb4 Nb1 39. Kxa4 Nc3+ 40. Kb4
Nd5+ 41. Kb5 Nxf4 42. Kxb6 Ng2 43. Kc7 Nxh4 44. Kd8 Nf3 45. Ke7 Nh2 46. Nd8
Nxg4 47. Nxf7 h5 48. Kxe6 h4 49. Ng5 g6 50. Kd6 Nxe5 1/2-1/2

[Event "Tournoi Skype 017A"]
[Site "Skype"]
[Date "????.??.??"]
[Round "6.8"]
[White "Meaney, Mike"]
[Black "Dal, Ibrahim"]
[Result "0-1"]
[WhiteElo "1485"]
[BlackElo "1832"]
[PlyCount "50"]

1. e4 c6 2. d4 d5 3. Nc3 dxe4 4. Nxe4 Nd7 5. Bc4 Ngf6 6. Qe2 Nxe4 7. Qxe4 Nf6
8. Qe2 Qxd4 9. Nf3 Qb6 10. Ng5 e6 11. O-O Bd6 12. Bxe6 Bxe6 13. Nxe6 fxe6 14.
Qxe6+ Be7 15. Rd1 Rd8 16. Be3 c5 17. Qc4 Nd7 18. Re1 Ne5 19. Qe2 O-O 20. Bd2
Ng6 21. Bc3 c4 22. Qxc4+ Kh8 23. Re2 Bc5 24. Rae1 Bxf2+ 25. Kf1 Bg3+ 0-1

[Event "Tournoi Skype 017A"]
[Site "Skype"]
[Date "????.??.??"]
[Round "6.9"]
[White "Le Brun, Yves"]
[Black "Megelas, Florent"]
[Result "0-1"]
[WhiteElo "1540"]
[BlackElo "1705"]
[PlyCount "36"]

1. e4 e5 2. Bc4 Nf6 3. d4 Nc6 4. c3 Nxe4 5. Qf3 d5 6. Bd3 Be7 7. Bxe4 dxe4 8.
Qxe4 exd4 9. cxd4 O-O 10. Ne2 Re8 11. Kd1 Bf6 12. Qd3 Nxd4 13. Nf4 Bf5 14. Qd2
Bg4+ 15. f3 Nxf3 16. Qxd8 Raxd8+ 17. Kc2 Bf5+ 18. Kb3 Nd4+ 0-1

[Event "Tournoi Skype 017A"]
[Site "Skype"]
[Date "????.??.??"]
[Round "6.10"]
[White "Elias, Roberto"]
[Black "Thoune, Jim"]
[Result "1/2-1/2"]
[WhiteElo "1903"]
[BlackElo "1562"]
[PlyCount "74"]

1. c4 Nf6 2. Nc3 e6 3. e4 d5 4. e5 Ne4 5. Nxe4 dxe4 6. Qg4 Nd7 7. Qxe4 Bc5 8.
d4 Bb4+ 9. Kd1 O-O 10. Nf3 f5 11. Qc2 Be7 12. Bd3 Nb6 13. a4 a5 14. h4 Bd7 15.
b3 Bc6 16. c5 Nd5 17. Ng5 Qd7 18. Bd2 h6 19. Nf3 b6 20. Ke2 Rad8 21. Rag1 Nb4
22. Bxb4 axb4 23. Bc4 Kh8 24. Rd1 Bd5 25. cxb6 cxb6 26. Bb5 Qb7 27. Qd3 Rf7 28.
Ba6 Qd7 29. Rc1 Bxf3+ 30. gxf3 Qxd4 31. Qxd4 Rxd4 32. Rc8+ Kh7 33. Rc6 Bxh4 34.
Rxb6 Rfd7 35. Bd3 Bd8 36. Rd6 R4xd6 37. exd6 Rxd6 1/2-1/2

[Event "Tournoi Skype 017A"]
[Site "Skype"]
[Date "????.??.??"]
[Round "6.11"]
[White "Segura Lozano, Marcos Antonio"]
[Black "Aranzubia, Desiderio"]
[Result "1-0"]
[WhiteElo "1784"]
[BlackElo "1550"]
[PlyCount "61"]

1. e4 c5 2. Nf3 Nc6 3. d4 cxd4 4. Nxd4 g6 5. c3 Bg7 6. Nb3 Nf6 7. Bd3 d6 8. Qe2
O-O 9. f3 a6 10. Be3 b5 11. N1d2 Bb7 12. Nf1 Ne5 13. Bc2 Nc4 14. O-O-O Nxe3 15.
Qxe3 Nd7 16. g4 Ne5 17. Ng3 Nc4 18. Qf2 Bh6+ 19. f4 Qc7 20. g5 Bg7 21. h4 h5
22. gxh6 Bxh6 23. h5 Kg7 24. Rhg1 e5 25. Nf5+ Kh7 26. Nxh6 Kxh6 27. hxg6 fxg6
28. Qh4+ Kg7 29. Rxg6+ Kxg6 30. Rg1+ Kf7 31. Qh7+ 1-0

[Event "Tournoi Skype 017A"]
[Site "Skype"]
[Date "????.??.??"]
[Round "6.12"]
[White "Bendre, Pankaj"]
[Black "Murgia, Stefano"]
[Result "1-0"]
[WhiteElo "1531"]
[BlackElo "1639"]
[PlyCount "29"]

1. e4 d6 2. d4 g6 3. Nf3 a6 4. Bc4 b5 5. Bb3 Bb7 6. Nc3 Bg7 7. Ng5 Nh6 8. Be3
O-O 9. f3 Bc8 10. Qd2 c5 11. dxc5 dxc5 12. Qxd8 Rxd8 13. Bxc5 Nc6 14. Bd5 e6
15. Bxc6 1-0

[Event "Tournoi Skype 017A"]
[Site "Skype"]
[Date "????.??.??"]
[Round "6.13"]
[White "Saponara, Jose Maria"]
[Black "Holtz, Steve"]
[Result "0-1"]
[WhiteElo "1563"]
[BlackElo "1538"]
[PlyCount "70"]

1. e4 e5 2. Nf3 Nc6 3. d4 exd4 4. Nxd4 Bc5 5. Nb3 Bb6 6. Nc3 Nf6 7. Bd3 O-O 8.
Bg5 Re8 9. Qd2 d5 10. Bxf6 Qxf6 11. O-O-O dxe4 12. Nxe4 Qd8 13. h4 Bf5 14. Ng5
Bxd3 15. cxd3 Qd5 16. g4 a5 17. Qc2 Nb4 18. Qc4 Qxc4+ 19. dxc4 Nxa2+ 20. Kb1
Nb4 21. c5 Ba7 22. Nxa5 Bxc5 23. Nxb7 Bxf2 24. Rd7 Re2 25. Rxc7 Bd4 26. Na5
Rxb2+ 27. Kc1 Rg2 28. Rd1 Na2+ 29. Kb1 h6 30. Rxd4 hxg5 31. Ra4 Re8 32. Rxa2
Re1+ 33. Rc1 Rxc1+ 34. Kxc1 Rxa2 35. Nc4 gxh4 0-1

[Event "Tournoi Skype 017A"]
[Site "Skype"]
[Date "????.??.??"]
[Round "6.14"]
[White "Hague, Mark"]
[Black "Karia, Vijay"]
[Result "1/2-1/2"]
[WhiteElo "1456"]
[BlackElo "1681"]
[PlyCount "50"]

1. d4 d5 2. c4 c6 3. Nc3 Nf6 4. Nf3 e6 5. Bg5 Nbd7 6. e3 Bb4 7. Qc2 Qa5 8. Nd2
dxc4 9. Bxf6 Nxf6 10. Bxc4 b5 11. Be2 Bb7 12. Bf3 Rc8 13. O-O O-O 14. a3 Bd6
15. Nde4 Be7 16. Nxf6+ Bxf6 17. Ne4 Be7 18. Nc5 Ba8 19. b4 Qc7 20. Be4 h6 21.
Rac1 Bd6 22. f4 Rfe8 23. Rf3 f5 24. Bd3 Qf7 25. Qf2 Bxc5 1/2-1/2

[Event "Tournoi Skype 017A"]
[Site "Skype"]
[Date "????.??.??"]
[Round "6.15"]
[White "Coruble, Didier"]
[Black "Gharbi, Said"]
[Result "1-0"]
[WhiteElo "1511"]
[BlackElo "1660"]
[PlyCount "59"]

1. Nf3 Nc6 2. e4 e5 3. Bc4 h6 4. c3 Nf6 5. d3 Bc5 6. O-O O-O 7. b4 Bb6 8. a4 d5
9. Bb3 d4 10. a5 dxc3 11. axb6 Nxb4 12. Ba3 c5 13. Nxc3 Qxb6 14. Bc4 Qc7 15.
Nb5 Qe7 16. Bb2 Nc6 17. Ba3 b6 18. d4 exd4 19. Nbxd4 Rd8 20. Bd3 Nxd4 21. Nxd4
Rxd4 22. Bb2 Rd6 23. e5 Rd5 24. exf6 Qd8 25. Qf3 Rxd3 26. Qxa8 Qc7 27. Qe4 Qd7
28. fxg7 Bb7 29. Qa4 Qd5 30. Qe8+ 1-0

[Event "Tournoi Skype 017A"]
[Site "Skype"]
[Date "????.??.??"]
[Round "6.16"]
[White "Fouquereau, Andre"]
[Black "Aceituno, Stebe"]
[Result "0-1"]
[WhiteElo "1452"]
[BlackElo "1574"]
[PlyCount "70"]

1. e4 c5 2. c3 d6 3. Nf3 Nf6 4. g3 Nxe4 5. Qa4+ Bd7 6. Qxe4 Bc6 7. Qe2 Nd7 8.
Bg2 g6 9. O-O Bg7 10. d3 O-O 11. Be3 e5 12. Nbd2 Nf6 13. Ng5 h6 14. Bxc6 bxc6
15. Nge4 Nxe4 16. Nxe4 f5 17. Nd2 f4 18. gxf4 exf4 19. Bxf4 Rxf4 20. Qe6+ Kh8
21. Ne4 Qf8 22. Qxg6 d5 23. Ng3 Rf6 24. Qg4 Qf7 25. Rae1 Rf8 26. Re2 Rg6 27.
Qh3 d4 28. c4 Qf3 29. Re6 Qxd3 30. Rxg6 Qxg6 31. Qg2 d3 32. Rd1 Bd4 33. Rd2 Qe6
34. Kf1 Qxc4 35. Rd1 Rxf2+ 0-1

[Event "Tournoi Skype 017A"]
[Site "Skype"]
[Date "????.??.??"]
[Round "6.17"]
[White "Trivedi, Viral"]
[Black "Yeter, Orhan"]
[Result "1-0"]
[WhiteElo "1617"]
[BlackElo "1585"]
[PlyCount "25"]

1. e4 c5 2. c3 Nc6 3. Nf3 e5 4. d4 cxd4 5. cxd4 exd4 6. Nxd4 Bc5 7. Nf5 Qf6 8.
Bc4 Qxb2 9. Bxb2 Nf6 10. Nxg7+ Kf8 11. Bxf6 Rg8 12. Qh5 Bb4+ 13. Nd2 1-0

[Event "Tournoi Skype 017A"]
[Site "Skype"]
[Date "????.??.??"]
[Round "6.18"]
[White "De Nobrega, George"]
[Black "Prasad Singh, Ambika"]
[Result "0-1"]
[WhiteElo "1563"]
[BlackElo "1549"]
[PlyCount "128"]

1. e4 c5 2. Nf3 d6 3. Nc3 Nf6 4. d4 cxd4 5. Nxd4 a6 6. h3 e6 7. Nf3 Nc6 8. Bf4
Be7 9. e5 Nh5 10. Bh2 O-O 11. exd6 Bf6 12. Be2 g6 13. O-O Ng7 14. Qd2 Nf5 15.
Rfd1 Bd7 16. Bd3 Na7 17. Bxf5 gxf5 18. Be5 Nb5 19. Nxb5 Bxb5 20. Qd4 Kg7 21.
Bxf6+ Qxf6 22. Qxf6+ Kxf6 23. Rd2 Rg8 24. g3 Bd7 25. Rc1 Rac8 26. c4 b6 27. b4
e5 28. c5 bxc5 29. Rxc5 h6 30. Rc7 Rcd8 31. Ra7 Bb5 32. Rc7 Ke6 33. Re7+ Kf6
34. Rxe5 Bc6 35. Re3 f4 36. Rc3 Bd7 37. Kg2 fxg3 38. fxg3 Rge8 39. h4 Re4 40.
a3 Ke6 41. Rc1 f5 42. Re1 Rxe1 43. Nxe1 Bc6+ 44. Kf2 Rxd6 45. Rxd6+ Kxd6 46.
Ke3 Ke5 47. Nd3+ Kd5 48. Kf4 Bb5 49. Nf2 Ke6 50. g4 fxg4 51. Kxg4 Be2+ 52. Kf4
Kd5 53. Ng4 h5 54. Kg5 hxg4 55. Kf4 g3 56. Kxg3 Kc4 57. Kf4 Kb3 58. Kg5 Kxa3
59. h5 Bxh5 60. Kxh5 Kxb4 61. Kg4 Kb3 62. Kf4 a5 63. Ke3 a4 64. Kd2 Kb2 0-1

[Event "Tournoi Skype 017A"]
[Site "Skype"]
[Date "????.??.??"]
[Round "6.19"]
[White "Rochette, Mathieu"]
[Black "L'Herbon De Lussats, Jean"]
[Result "1-0"]
[WhiteElo "1604"]
[BlackElo "1454"]
[PlyCount "71"]

1. d4 e6 2. c4 d5 3. Nc3 Bb4 4. Qc2 Nc6 5. Nf3 Nf6 6. Bg5 O-O 7. e3 h6 8. Bh4
dxc4 9. Bxc4 e5 10. dxe5 Bxc3+ 11. bxc3 g5 12. exf6 Qxf6 13. Bg3 Bf5 14. Qb2
Na5 15. Be2 c6 16. O-O b5 17. Rfd1 a6 18. Rd6 Qg7 19. Ne5 Rac8 20. Qb4 f6 21.
Qxa5 fxe5 22. Qxa6 Be4 23. Qa3 Bd5 24. Bg4 Ra8 25. Qc5 e4 26. Be6+ Bxe6 27.
Rxe6 Rac8 28. Rxc6 Rxc6 29. Qxc6 b4 30. Qc4+ Rf7 31. Qxb4 Rb7 32. Qc4+ Kf8 33.
Rd1 Rd7 34. Bd6+ Ke8 35. Qc8+ Rd8 36. Qe6+ 1-0

[Event "Tournoi Skype 017A"]
[Site "Skype"]
[Date "????.??.??"]
[Round "6.20"]
[White "Malbec, Robert"]
[Black "Perez Fermin, Jose"]
[Result "0-1"]
[WhiteElo "1500"]
[BlackElo "1599"]
[PlyCount "88"]

1. e4 c5 2. Nf3 d6 3. d4 cxd4 4. Nxd4 Nf6 5. Nc3 e6 6. Be3 a6 7. Bd3 b5 8. a3
Bb7 9. O-O Nc6 10. Nf3 Be7 11. Re1 O-O 12. b4 Rc8 13. Ne2 Nb8 14. Ng3 d5 15. e5
Nfd7 16. Rc1 Nc6 17. Bd4 Nxd4 18. Nxd4 Bg5 19. Rb1 Bf4 20. Nf3 Qc7 21. Qe2 Qb8
22. Nh5 Bh6 23. g4 g6 24. Nf6+ Nxf6 25. exf6 Rfd8 26. g5 Bf8 27. h4 h5 28. gxh6
Bxh6 29. Ne5 Qc7 30. Qg4 Kf8 31. Nxg6+ fxg6 32. Qxg6 Qf4 33. Rxe6 Qxh4 34. Re7
Qg5+ 35. Qxg5 Bxg5 36. Rxb7 Bxf6 37. Rb6 Kf7 38. Rxa6 Rg8+ 39. Kf1 Rh8 40. Ke2
Rce8+ 41. Kd2 Rc8 42. Bxb5 Bc3+ 43. Ke2 Rce8+ 44. Kd3 Rh3+ 0-1

[Event "Tournoi Skype 017A"]
[Site "Skype"]
[Date "????.??.??"]
[Round "7.1"]
[White "Deville, Olivier"]
[Black "Hervais, Adrien"]
[Result "0-1"]
[WhiteElo "1890"]
[BlackElo "1995"]
[PlyCount "70"]

1. c4 c6 2. Nf3 d5 3. e3 Bf5 4. Nc3 e6 5. d4 Nf6 6. Nh4 Bg4 7. Qb3 Qc7 8. h3
Bh5 9. g4 Bg6 10. Nxg6 hxg6 11. Bg2 Nbd7 12. O-O Nxg4 13. f4 Ngf6 14. Bd2 g5
15. fxg5 Ne4 16. Nxe4 dxe4 17. Qd1 f5 18. gxf6 Nxf6 19. Qe1 Bd6 20. Rc1 Bg3 21.
Qe2 O-O-O 22. b4 Rh6 23. Be1 Rdh8 24. Bxg3 Qxg3 25. Qf2 Qg6 26. b5 Rxh3 27. Qf4
Rg3 28. Rf2 Qg4 29. bxc6 Qxf4 30. cxb7+ Kxb7 31. exf4 Ng4 32. Re2 Ne3 33. Kf2
Rxg2+ 34. Kxe3 Rh3+ 35. Kd2 Rd3+ 0-1

[Event "Tournoi Skype 017A"]
[Site "Skype"]
[Date "????.??.??"]
[Round "7.2"]
[White "Hilton, Stephen"]
[Black "Loayza, Juan Antonio"]
[Result "1/2-1/2"]
[WhiteElo "1909"]
[BlackElo "1875"]
[PlyCount "91"]

1. d4 Nf6 2. Nf3 g6 3. g3 Bg7 4. Bg2 O-O 5. O-O d6 6. b3 c5 7. Bb2 Nc6 8. Nbd2
cxd4 9. Nxd4 Bd7 10. N2f3 Rc8 11. c4 Qa5 12. Qc1 a6 13. Nxc6 Bxc6 14. Bc3 Qh5
15. Qb2 Ne8 16. Bxg7 Nxg7 17. Rfd1 Rfd8 18. Nh4 Ne6 19. Bxc6 bxc6 20. Nf3 a5
21. Rac1 Nc5 22. Qd4 Qh6 23. Qd2 Qxd2 24. Rxd2 Rb8 25. Nd4 Rb6 26. Nc2 Kf8 27.
f3 e5 28. Rcd1 Ke7 29. Kf2 f5 30. Rg1 d5 31. cxd5 cxd5 32. Rgd1 Ke6 33. Ne3 d4
34. Nc4 Ra6 35. Rc2 e4 36. f4 Rd5 37. Ne5 Nd7 38. Nxd7 Rxd7 39. Rc5 Rd5 40. Rc7
h5 41. Rdc1 d3 42. exd3 Rxd3 43. Rg7 Kf6 44. Rcc7 Rad6 45. Rgf7+ Ke6 46. Rfe7+
1/2-1/2

[Event "Tournoi Skype 017A"]
[Site "Skype"]
[Date "????.??.??"]
[Round "7.3"]
[White "Engstrom, Olle"]
[Black "Plourde, Alain"]
[Result "1/2-1/2"]
[WhiteElo "1712"]
[BlackElo "1862"]
[PlyCount "88"]

1. e4 e6 2. d4 d5 3. Nd2 dxe4 4. Nxe4 Bd7 5. Nf3 Bc6 6. Bd3 Nd7 7. O-O Ngf6 8.
Nxf6+ Nxf6 9. Bg5 Be7 10. c3 h6 11. Bh4 O-O 12. Qe2 Bxf3 13. Qxf3 c6 14. Rfe1
Re8 15. Rad1 Qd5 16. Qxd5 exd5 17. Re2 Bd6 18. Bxf6 Rxe2 19. Bxe2 gxf6 20. Rd3
Re8 21. Re3 Rxe3 22. fxe3 Kf8 23. Kf2 b6 24. b4 b5 25. Bd1 Ke7 26. Bg4 Bc7 27.
a3 a5 28. Be2 a4 29. g3 f5 30. h3 Ke6 31. g4 f4 32. Bd3 fxe3+ 33. Kxe3 Bd8 34.
Bf5+ Kd6 35. Kd3 Bg5 36. Kc2 Kc7 37. Kd1 Bf4 38. Kc2 Kd6 39. Kd1 Ke7 40. h4 Bg3
41. h5 Bf4 42. Kc2 Bg5 43. Kd1 Be3 44. Kc2 Bg5 1/2-1/2

[Event "Tournoi Skype 017A"]
[Site "Skype"]
[Date "????.??.??"]
[Round "7.4"]
[White "Lambert, Pierre"]
[Black "Legueltel, Daniel"]
[Result "0-1"]
[WhiteElo "1857"]
[BlackElo "1737"]
[PlyCount "59"]

1. e4 e5 2. Nf3 Nf6 3. d4 Nxe4 4. Bd3 d5 5. dxe5 Nc5 6. O-O Be7 7. Nc3 c6 8.
Re1 Bg4 9. h3 Nxd3 10. Qxd3 Bh5 11. Bf4 O-O 12. Nd4 Nd7 13. Nf5 Bg6 14. Nxe7+
Qxe7 15. Qe2 Qb4 16. Bd2 Qe7 17. Rac1 Nc5 18. b4 Ne6 19. a3 Nd4 20. Qd1 a5 21.
Be3 Ne6 22. Qg4 axb4 23. axb4 b5 24. Qg3 d4 25. Bd2 dxc3 26. Bxc3 Ra3 27. Red1
Rd8 28. Rd6 Nd4 29. Rxd8+ Qxd8 30. Kh2 0-1

[Event "Tournoi Skype 017A"]
[Site "Skype"]
[Date "????.??.??"]
[Round "7.5"]
[White "Rico Hernandez, Edgar"]
[Black "Megelas, Florent"]
[Result "1-0"]
[WhiteElo "1844"]
[BlackElo "1705"]
[PlyCount "121"]

1. d4 d5 2. c4 c6 3. e3 Nf6 4. Nf3 Nbd7 5. Bd3 e6 6. O-O Be7 7. Nc3 O-O 8. Qe2
h6 9. Rd1 Re8 10. b3 b6 11. Bb2 Bb7 12. cxd5 cxd5 13. Rac1 Ne4 14. Nb5 Rc8 15.
Rxc8 Qxc8 16. Rc1 Qb8 17. h3 Rc8 18. Rxc8+ Qxc8 19. a4 a6 20. Na3 Bd6 21. Nb1
Bb4 22. Qd1 Nc3 23. Nxc3 Bxc3 24. Ba3 Nf6 25. Ne5 a5 26. Qc2 Bb4 27. Qxc8+ Bxc8
28. Bxb4 axb4 29. Nc6 Kf8 30. Nxb4 Ne4 31. f3 Nd6 32. Kf2 Nb7 33. Ke1 Na5 34.
Bc2 Bd7 35. Kd2 b5 36. axb5 Bxb5 37. Nd3 Ke7 38. Kc3 Nc6 39. f4 Kd6 40. g3 f6
41. Bd1 g5 42. Bf3 e5 43. fxe5+ fxe5 44. dxe5+ Nxe5 45. Nxe5 Kxe5 46. Kb4 Bd7
47. Kc5 Bxh3 48. Bxd5 h5 49. b4 h4 50. gxh4 gxh4 51. b5 Bc8 52. b6 h3 53. b7
Bxb7 54. Bxb7 h2 55. Bh1 Ke6 56. Kd4 Kd6 57. Bg2 Ke6 58. Ke4 Kf6 59. Kd5 Ke7
60. Ke5 Kf7 61. Kd6 1-0

[Event "Tournoi Skype 017A"]
[Site "Skype"]
[Date "????.??.??"]
[Round "7.6"]
[White "Dal, Ibrahim"]
[Black "Bendre, Pankaj"]
[Result "1-0"]
[WhiteElo "1832"]
[BlackElo "1531"]
[PlyCount "49"]

1. d4 d5 2. c4 e6 3. Nc3 Nf6 4. Bg5 Bb4 5. e3 c6 6. Nf3 Nbd7 7. Bd3 Qa5 8. Qc2
dxc4 9. Bxc4 Ne4 10. Qxe4 Bxc3+ 11. Ke2 Bxb2 12. Bxe6 O-O 13. Rab1 Ba3 14. Bxd7
Bxd7 15. Bf4 Be7 16. Qxe7 Rad8 17. Ne5 Qa6+ 18. Kf3 Bc8 19. Qb4 Rd5 20. Qc4 Qa5
21. Qb3 Kh8 22. Rhc1 f6 23. Nc4 Qd8 24. Qa3 Qd7 25. Qxf8# 1-0

[Event "Tournoi Skype 017A"]
[Site "Skype"]
[Date "????.??.??"]
[Round "7.7"]
[White "Mulrooney, Justin"]
[Black "Barrasso, Alex"]
[Result "1-0"]
[WhiteElo "1728"]
[BlackElo "1846"]
[PlyCount "107"]

1. d4 Nf6 2. c4 e6 3. Nc3 Bb4 4. Nf3 c5 5. e3 O-O 6. Be2 d6 7. O-O Bxc3 8. bxc3
Nbd7 9. Qc2 e5 10. Nd2 Re8 11. d5 Nf8 12. Bd3 Qe7 13. f3 Nh5 14. Ne4 f5 15. Nf2
Qg5 16. Nh3 Qf6 17. f4 e4 18. Be2 Qh6 19. Kh1 Nf6 20. Bd1 Ng4 21. Qe2 Bd7 22.
a4 Ng6 23. Qe1 Ne7 24. Qg3 a6 25. a5 Nf6 26. Be2 Nc8 27. Bd2 b5 28. Ng5 Qg6 29.
Qe1 h6 30. Nh3 bxc4 31. Bxc4 Ne7 32. Qe2 Bc8 33. Rfb1 Nfxd5 34. Nf2 Kh7 35. Kg1
Rd8 36. Qd1 Be6 37. Be2 Qf6 38. Qc2 Ng6 39. c4 Nde7 40. Bc3 Qf7 41. Qb2 Qf8 42.
Qb6 Nc8 43. Qc6 Na7 44. Qxa6 Qe8 45. Qb6 Nc6 46. Qb2 Rdb8 47. Qd2 Rd8 48. Rb7
Nce7 49. Bb2 Nh4 50. Qc3 Qg6 51. g3 Re8 52. Kh1 Bc8 53. Rb6 Rd8 54. gxh4 1-0